Phân tích công cụ

Nội dung tài liệu trình bày đại cương về phân tích công cụ và các phương pháp phân tích quang học, phân tích điện hoá, các phương pháp tách

Đã lưu trong:
書目詳細資料
主要作者: Trần Thị Thuý
格式: 圖書
語言:Vietnamese
出版: Hà Nội Bách khoa Hà Nội 2016
叢編:Tủ sách Ngành Kỹ thuật hoá học
標簽: 添加標簽
沒有標簽, 成為第一個標記此記錄!
Thư viện lưu trữ: Thư viện Trường Đại học Nam Cần Thơ
LEADER 01252nam a22002177a 4500
001 NCT_560
008 170927b xxu||||| |||| 00| 0 vie d
999 |c 28  |d 28 
020 |a 9786049388606  |c 91000 
082 0 4 |2 23rd ed.  |a 543  |b Th523 
100 1 |a Trần Thị Thuý 
245 1 0 |a Phân tích công cụ  |c Trần Thị Thuý 
260 |a Hà Nội  |b Bách khoa Hà Nội  |c 2016 
300 |a 204tr.  |b hình vẽ, bảng   |c 24cm 
490 0 |a Tủ sách Ngành Kỹ thuật hoá học 
520 3 |a Nội dung tài liệu trình bày đại cương về phân tích công cụ và các phương pháp phân tích quang học, phân tích điện hoá, các phương pháp tách 
942 |2 ddc  |c BK 
952 |0 0  |1 0  |2 ddc  |4 0  |6 543_000000000000000_TH523  |7 0  |9 123  |a 000001  |b 000001  |d 2017-09-30  |o 543 Th523  |p MD.00235  |r 2017-09-30  |v 91000.00  |w 2017-09-30  |y BK 
952 |0 0  |1 0  |2 ddc  |4 0  |6 543_000000000000000_TH523  |7 0  |9 124  |a 000001  |b 000001  |d 2017-09-30  |o 543 Th523  |p MD.00234  |r 2017-09-30  |v 91000.00  |w 2017-09-30  |y BK 
952 |0 0  |1 0  |2 ddc  |4 0  |6 543_000000000000000_TH523  |7 0  |9 125  |a 000001  |b 000001  |d 2017-09-30  |o 543 Th523  |p MD.00233  |r 2017-09-30  |v 91000.00  |w 2017-09-30  |y BK 
980 |a Thư viện Trường Đại học Nam Cần Thơ